| 000 | 00602nam a2200181 a 4500 | ||
|---|---|---|---|
| 001 | 000035302 | ||
| 005 | 20200930074237.0 | ||
| 008 | 111027s2004 dr 000 0 spa d | ||
| 020 | _a9875504777 | ||
| 040 |
_aDO-SdBNP _bspa _cBNPHU |
||
| 245 | 0 | 0 |
_aStevenso, dickens y otros cuentos ingleses de misterio II / _ctroducción, compilación y prólogo Ramón D. Tarruella. |
| 260 |
_aBuenos Aires, Argentina : _bLongseller, _c2004. |
||
| 300 |
_a285 p. ; _c18 cm. |
||
| 490 | 1 | _aClásico de siempre | |
| 700 | 1 | 2 |
_aRarruella, Ramón D. _etr. _961070 |
| 830 | 0 |
_aClásico de siempre _961071 |
|
| 049 | _aBNPD | ||
| 999 |
_c34793 _d34793 |
||